Normal view
MARC view
- Walker, Bruce J.
Entry Personal Name
001 - CONTROL NUMBER
- control field: 15949
003 - CONTROL NUMBER IDENTIFIER
- control field: OSt
005 - DATE AND TIME OF LATEST TRANSACTION
- control field: 20161011144559.0
008 - FIXED-LENGTH DATA ELEMENTS
- fixed length control field: 161011|| aca||aabn | a|a d
040 ## - CATALOGING SOURCE
- Original cataloging agency: OSt
100 ## - HEADING--PERSONAL NAME
- Personal name: Walker, Bruce J.
- Relator term: Author
